Score 0/13 Timer 04:00
0 Plays Today
Scrambled City Unscrambled City % Correct
SCOOMWMosc[o]w
95.1%
ONLDNOLon[d]on
90.8%
ITOQUQu[i]to
79.8%
GALOSLag[o]s
77.1%
YYSENDSydn[e]y
74.3%
TAAKRAJJaka[r]ta
73.7%
HOCCIAGCh[i]cago
72.2%
MAJLSEERU[J]erusalem
59%
JERKAYVKI[R]eykjavik
55.5%
YOYAPGNGNPyongya[n]g
41.8%
Bonus CityRio de Janeiro
41.8%
TOLNMAREMontr[e]al
22.5%
SNITBLAUIst[a]nbul
21.4%
Remove Ads.
Support Sporcle.
Get the best of Sporcle when you Go Orange. This ad-free experience offers more features, more stats, and more fun while also helping to support Sporcle. Thank you for becoming a member.

You're not logged in!

Compare scores with friends on all Sporcle quizzes.
OR
Log In

Show Comments

Extras

Top Quizzes Today


Score Distribution

Your Account Isn't Verified!

In order to create a playlist on Sporcle, you need to verify the email address you used during registration. Go to your Sporcle Settings to finish the process.

Report this User

Report this user for behavior that violates our Community Guidelines.

Details: